Masteriang Materialism: (Record no. 4496)

MARC details
000 -LEADER
fixed length control field 00417nam a22001457a 4500
003 - CONTROL NUMBER IDENTIFIER
control field GBCCL
005 - DATE AND TIME OF LATEST TRANSACTION
control field 20241126110519.0
008 - FIXED-LENGTH DATA ELEMENTS--GENERAL INFORMATION
fixed length control field 180123b xxu||||| |||| 00| 0 eng d
040 ## - CATALOGING SOURCE
Transcribing agency gbc
100 ## - MAIN ENTRY--PERSONAL NAME
Personal name MacArthur, John
9 (RLIN) 8028
245 ## - TITLE STATEMENT
Title Masteriang Materialism:
Remainder of title Study Notes Matthew 6: 19-34 /
Statement of responsibility, etc. John MacArthur
260 ## - PUBLICATION, DISTRIBUTION, ETC.
Place of publication, distribution, etc. Word of Grace Communications,
Name of publisher, distributor, etc. Panorama:
Date of publication, distribution, etc. 1983
300 ## - PHYSICAL DESCRIPTION
Extent 89 p.;
Dimensions 23 cm.
942 ## - ADDED ENTRY ELEMENTS (KOHA)
Source of classification or shelving scheme Dewey Decimal Classification
Koha item type Books
Holdings
Withdrawn status Lost status Source of classification or shelving scheme Damaged status Not for loan Home library Current Library Shelving location Date acquired Total checkouts Barcode Date last seen Copy number Price effective from Koha item type
    Dewey Decimal Classification     GRACE BIBLE COLLEGE GRACE BIBLE COLLEGE Vernacular 2018-01-23   003466 2018-01-23 c.1 2018-01-23 Books
© Grace Bible College Library 2025